[Event "TICF 2024"]
[Site "Famalicao"]
[Date "2024.07.24"]
[Round "2.1"]
[White "Ana Ines, Silva"]
[Black "Fier, Alexandr"]
[Result "0-1"]
[BlackElo "2587"]
[WhiteElo "1964"]
[LiveChessVersion "1.4.8"]

1. e4 {[%clk 1:30:57]} c5 {[%clk 1:30:56]} 2. c3 {[%clk 1:31:21]} d5
{[%clk 1:31:23]} 3. exd5 {[%clk 1:31:43]} Nf6 {[%clk 1:31:49]} 4. Qa4+
{[%clk 1:31:46]} Nbd7 {[%clk 1:32:12]} 5. Qb3 {[%clk 1:32:06]} g6
{[%clk 1:30:16]} 6. Nf3 {[%clk 1:31:25]} Bg7 {[%clk 1:30:41]} 7. Be2
{[%clk 1:30:33]} O-O {[%clk 1:30:47]} 8. O-O {[%clk 1:29:58]} b6 {[%clk 1:29:38]}
9. c4 {[%clk 1:26:31]} Bb7 {[%clk 1:30:04]} 10. Nc3 {[%clk 1:25:47]} e6
{[%clk 1:24:58]} 11. dxe6 {[%clk 1:17:38]} fxe6 {[%clk 1:25:23]} 12. d3
{[%clk 1:09:22]} Qc7 {[%clk 1:21:03]} 13. Ng5 {[%clk 0:50:14]} Rae8
{[%clk 1:18:13]} 14. Nge4 {[%clk 0:40:47]} Ne5 {[%clk 1:18:30]} 15. Nb5
{[%clk 0:30:55]} Qb8 {[%clk 1:07:21]} 16. Ned6 {[%clk 0:23:21]} Rd8
{[%clk 1:07:47]} 17. Nxb7 {[%clk 0:23:36]} Qxb7 {[%clk 1:08:14]} 18. f4
{[%clk 0:18:54]} Nc6 {[%clk 1:08:04]} 19. Bf3 {[%clk 0:18:23]} a6
{[%clk 1:08:30]} 20. Na7 {[%clk 0:14:22]} Qxa7 {[%clk 1:08:43]} 21. Bxc6
{[%clk 0:14:45]} Ng4 {[%clk 1:09:02]} 22. Qc2 {[%clk 0:11:37]} Qe7
{[%clk 1:09:29]} 23. Bf3 {[%clk 0:06:33]} Bd4+ {[%clk 1:09:54]} 24. Kh1
{[%clk 0:03:34]} Nxh2 {[%clk 1:10:20]} 25. Rf2 {[%clk 0:01:19]} Nxf3
{[%clk 1:10:23]} 26. gxf3 {[%clk 0:01:02]} Bxf2 {[%clk 1:10:38]} 27. Qxf2
{[%clk 0:01:01]} Rxd3 {[%clk 1:11:04]} 28. Be3 {[%clk 0:01:03]} e5
{[%clk 1:11:29]} 29. Qe2 {[%clk 0:00:41]} e4 {[%clk 1:11:40]} 30. b4
{[%clk 0:00:44]} Re8 {[%clk 1:11:41]} 31. bxc5 {[%clk 0:00:49]} exf3
{[%clk 1:11:52]} 32. Qxd3 {[%clk 0:00:41]} Qh4+ {[%clk 1:12:18]} 33. Kg1
{[%clk 0:00:57]} Qg3+ {[%clk 1:12:45]} 34. Kf1 {[%clk 0:01:17]} Qg2+
{[%clk 1:13:11]} 35. Ke1 {[%clk 0:01:38]} f2+ {[%clk 1:13:37]} 0-1

[Event "TICF 2024"]
[Site "Famalicao"]
[Date "2024.07.24"]
[Round "2.2"]
[White "Lelys, Martinez Duany"]
[Black "Tomas, Santos"]
[Result "1-0"]
[BlackElo "1949"]
[WhiteElo "2448"]
[LiveChessVersion "1.4.8"]

1. e4 {[%clk 1:30:58]} c5 {[%clk 1:30:58]} 2. Nc3 {[%clk 1:31:16]} g6
{[%clk 1:31:17]} 3. d4 {[%clk 1:30:09]} cxd4 {[%clk 1:31:37]} 4. Qxd4
{[%clk 1:30:35]} Nf6 {[%clk 1:31:51]} 5. Nf3 {[%clk 1:30:44]} Nc6
{[%clk 1:31:51]} 6. Qa4 {[%clk 1:31:03]} d6 {[%clk 1:29:31]} 7. e5
{[%clk 1:31:26]} dxe5 {[%clk 1:29:34]} 8. Nxe5 {[%clk 1:31:52]} Bg7
{[%clk 1:21:08]} 9. Bb5 {[%clk 1:23:45]} O-O {[%clk 1:19:46]} 10. Nxc6
{[%clk 1:24:06]} bxc6 {[%clk 1:20:10]} 11. Bxc6 {[%clk 1:24:33]} Bd7
{[%clk 1:19:48]} 12. O-O {[%clk 1:24:25]} Bxc6 {[%clk 1:16:23]} 13. Qxc6
{[%clk 1:24:50]} Rb8 {[%clk 1:16:35]} 14. Rb1 {[%clk 1:20:02]} Qa5
{[%clk 1:12:57]} 15. Qa4 {[%clk 1:13:21]} Qxa4 {[%clk 1:11:35]} 16. Nxa4
{[%clk 1:13:45]} Rfc8 {[%clk 1:11:57]} 17. Be3 {[%clk 1:08:10]} Rxc2
{[%clk 1:08:52]} 18. Rfc1 {[%clk 1:08:04]} Rxc1+ {[%clk 1:08:33]} 19. Rxc1
{[%clk 1:08:18]} Nd5 {[%clk 1:07:16]} 20. b3 {[%clk 1:05:41]} Nxe3
{[%clk 1:06:11]} 21. fxe3 {[%clk 1:06:06]} Be5 {[%clk 1:05:27]} 22. Kf2
{[%clk 1:04:20]} Rd8 {[%clk 1:05:30]} 23. Rc2 {[%clk 1:04:39]} f6
{[%clk 1:04:43]} 24. h3 {[%clk 1:04:56]} h5 {[%clk 1:04:42]} 25. Ke2
{[%clk 1:04:53]} Kf7 {[%clk 1:04:30]} 26. Rc5 {[%clk 1:03:17]} Rd7
{[%clk 1:00:35]} 27. b4 {[%clk 0:58:22]} g5 {[%clk 0:48:40]} 28. Ra5
{[%clk 0:52:34]} Rc7 {[%clk 0:45:19]} 29. Nc5 {[%clk 0:51:51]} g4
{[%clk 0:44:53]} 30. hxg4 {[%clk 0:51:57]} hxg4 {[%clk 0:45:16]} 31. Kd3
{[%clk 0:50:47]} Kg6 {[%clk 0:35:22]} 32. Ke4 {[%clk 0:50:22]} Bd6
{[%clk 0:33:21]} 33. Kd5 {[%clk 0:49:43]} g3 {[%clk 0:31:26]} 34. Ra6
{[%clk 0:42:50]} Kf5 {[%clk 0:25:33]} 35. Rc6 {[%clk 0:42:07]} Rxc6
{[%clk 0:20:50]} 36. Kxc6 {[%clk 0:42:31]} Ke5 {[%clk 0:21:12]} 37. a4
{[%clk 0:42:39]} f5 {[%clk 0:20:20]} 38. a5 {[%clk 0:41:26]} f4 {[%clk 0:16:43]}
39. exf4+ {[%clk 0:41:47]} Kxf4 {[%clk 0:12:19]} 40. b5 {[%clk 0:41:47]} Ke3
{[%clk 0:12:11]} 41. b6 {[%clk 0:38:43]} axb6 {[%clk 0:12:09]} 42. Kxb6
{[%clk 0:36:42]} Kf2 {[%clk 0:04:36]} 43. a6 {[%clk 0:37:03]} Kxg2
{[%clk 0:04:06]} 44. a7 {[%clk 0:36:48]} Bxc5+ {[%clk 0:04:31]} 45. Kxc5
{[%clk 0:37:07]} Kf2 {[%clk 0:03:47]} 46. a8=Q {[%clk 0:37:26]} g2
{[%clk 0:04:11]} 47. Qf8+ {[%clk 0:37:29]} Kg3 {[%clk 0:04:16]} 48. Qg7+
{[%clk 0:37:41]} Kh2 {[%clk 0:04:27]} 49. Qh6+ {[%clk 0:37:18]} Kg3
{[%clk 0:04:42]} 50. Qg5+ {[%clk 0:37:35]} Kf2 {[%clk 0:04:51]} 51. Qf4+
{[%clk 0:37:45]} Ke1 {[%clk 0:05:05]} 52. Qg3+ {[%clk 0:38:01]} Kf1
{[%clk 0:05:23]} 53. Qf3+ {[%clk 0:38:25]} 1-0

[Event "TICF 2024"]
[Site "Famalicao"]
[Date "2024.07.24"]
[Round "2.3"]
[White "Ricardo, Cardoso"]
[Black "Kevin, Spraggett"]
[Result "0-1"]
[BlackElo "2440"]
[WhiteElo "1929"]
[LiveChessVersion "1.4.8"]

1. d4 Nf6 2. Nf3 e6 3. g3 b5 4. Bg2 d5 5. Ne5 Be7 6. c4 bxc4 7. b3 cxb3 8. axb3
c5 9. dxc5 Bxc5 10. O-O Nbd7 11. b4 Bd6 12. Nd3 Bb7 13. Nd2 O-O 14. Nb3 Ne5 15.
Na5 Qe7 16. Nc5 Bxc5 17. bxc5 Nc6 18. Qa4 Nxa5 19. Qxa5 Rfc8 20. Ba3 Bc6 21. Rfb1
h6 22. e3 e5 23. Rb3 Qe6 24. Rab1 Qf5 25. Qd2 Ne4 26. Qe2 Nc3 27. Qb2 Nxb1 28.
Qxb1 Qxb1+ 29. Rxb1 Rab8 0-1

[Event "TICF 2024"]
[Site "Famalicao"]
[Date "2024.07.24"]
[Round "2.4"]
[White "Vladislav, Larkin"]
[Black "Jose, Monteiro"]
[Result "1-0"]
[BlackElo "1926"]
[WhiteElo "2436"]
[LiveChessVersion "1.4.8"]

1. b3 {[%clk 1:30:56]} e5 {[%clk 1:30:52]} 2. Bb2 {[%clk 1:31:20]} Nc6
{[%clk 1:31:14]} 3. e3 {[%clk 1:31:18]} d5 {[%clk 1:31:14]} 4. Bb5
{[%clk 1:31:34]} Bd6 {[%clk 1:31:34]} 5. Nf3 {[%clk 1:31:02]} Qe7
{[%clk 1:31:00]} 6. c4 {[%clk 1:16:20]} Nf6 {[%clk 1:29:51]} 7. c5
{[%clk 1:07:22]} Bxc5 {[%clk 1:29:45]} 8. Nxe5 {[%clk 1:07:48]} Bd7
{[%clk 1:29:48]} 9. Nxd7 {[%clk 1:06:14]} Qxd7 {[%clk 1:29:42]} 10. Bxf6
{[%clk 1:05:20]} gxf6 {[%clk 1:30:03]} 11. Nc3 {[%clk 1:05:36]} a6
{[%clk 1:22:07]} 12. Bxc6 {[%clk 1:06:00]} Qxc6 {[%clk 1:22:31]} 13. O-O
{[%clk 1:03:18]} O-O-O {[%clk 1:20:04]} 14. b4 {[%clk 1:01:01]} Be7
{[%clk 1:14:46]} 15. Rc1 {[%clk 1:00:14]} Qd7 {[%clk 1:12:35]} 16. Qb3
{[%clk 0:56:53]} Rhg8 {[%clk 1:10:30]} 17. f3 {[%clk 0:51:17]} d4
{[%clk 1:06:20]} 18. Na4 {[%clk 0:48:26]} Kb8 {[%clk 1:03:49]} 19. Nc5
{[%clk 0:46:26]} Qb5 {[%clk 0:59:08]} 20. e4 {[%clk 0:38:31]} Bxc5
{[%clk 0:56:59]} 21. bxc5 {[%clk 0:38:47]} Qxb3 {[%clk 0:52:03]} 22. axb3
{[%clk 0:39:13]} c6 {[%clk 0:47:06]} 23. g4 {[%clk 0:38:40]} Kc7 {[%clk 0:47:19]}
24. Rc4 {[%clk 0:38:41]} b5 {[%clk 0:42:47]} 25. cxb6+ {[%clk 0:39:07]} Kxb6
{[%clk 0:43:08]} 26. Rfc1 {[%clk 0:38:01]} Rd6 {[%clk 0:43:29]} 27. b4
{[%clk 0:38:27]} Kb5 {[%clk 0:43:23]} 28. Kf2 {[%clk 0:35:51]} Rg5
{[%clk 0:41:13]} 29. Ke2 {[%clk 0:35:49]} h5 {[%clk 0:41:22]} 30. h3
{[%clk 0:36:16]} hxg4 {[%clk 0:41:26]} 31. hxg4 {[%clk 0:36:40]} Rg8
{[%clk 0:41:43]} 32. Kd3 {[%clk 0:36:26]} Rgd8 {[%clk 0:42:02]} 33. Ra1
{[%clk 0:36:42]} Kb6 {[%clk 0:41:55]} 34. Rc5 {[%clk 0:36:57]} Kb7
{[%clk 0:37:32]} 35. Rca5 {[%clk 0:36:39]} Ra8 {[%clk 0:37:54]} 36. Rh1
{[%clk 0:37:00]} Kb6 {[%clk 0:37:44]} 37. Rh7 {[%clk 0:37:06]} Ra7
{[%clk 0:38:04]} 38. Rh6 {[%clk 0:34:55]} Rad7 {[%clk 0:36:13]} 39. Rf5
{[%clk 0:35:17]} Re6 {[%clk 0:34:42]} 40. Kc4 {[%clk 0:33:49]} Rdd6
{[%clk 0:31:08]} 41. d3 {[%clk 0:34:14]} Kb7 {[%clk 0:30:58]} 42. Kc5
{[%clk 0:34:33]} Kc7 {[%clk 0:31:17]} 43. g5 {[%clk 0:34:51]} Kb7
{[%clk 0:29:28]} 44. Rhxf6 {[%clk 0:35:06]} 1-0

[Event "TICF 2024"]
[Site "Famalicao"]
[Date "2024.07.24"]
[Round "2.5"]
[White "Jose, Silva"]
[Black "Andre, Ventura Sousa"]
[Result "0-1"]
[BlackElo "2431"]
[WhiteElo "1920"]
[LiveChessVersion "1.4.8"]

1. e4 e5 2. Nf3 d6 3. Bc4 Nf6 4. d3 Be7 5. c3 O-O 6. O-O c5 7. Re1 Nc6 8. Bb3 h6
9. h3 Be6 10. Bc2 Qc7 11. Be3 d5 12. exd5 Nxd5 13. Nbd2 Rad8 14. Qe2 f5 15. Nb3
b6 16. Bd2 Bf6 17. Nxe5 Qxe5 18. Qxe5 Nxe5 19. f4 Nxd3 20. Bxd3 Nc7 21. Bc2 Bf7
22. Be3 Nd5 23. Rad1 Nxe3 24. Rxe3 Rxd1+ 25. Bxd1 Rd8 26. Bc2 c4 27. Nc1 Bh5 28.
Re1 Bh4 29. Rf1 g6 30. Ba4 a6 31. Bc6 Rd6 32. Bf3 Bxf3 33. Rxf3 Rd1+ 34. Rf1 Rd2
35. b3 b5 36. bxc4 bxc4 37. Rf3 Rc2 0-1

[Event "TICF 2024"]
[Site "Famalicao"]
[Date "2024.07.24"]
[Round "2.6"]
[White "Vladimir, Petkov"]
[Black "Andre, Dumont"]
[Result "1-0"]
[BlackElo "1907"]
[WhiteElo "2417"]
[LiveChessVersion "1.4.8"]

1. d4 Nf6 2. Nf3 e6 3. c4 Bb4+ 4. Bd2 Be7 5. Nc3 d5 6. Qc2 Nbd7 7. e3 O-O 8. a3
b6 9. cxd5 exd5 10. Bd3 Bb7 11. g4 c5 12. g5 Ne4 13. Bxe4 dxe4 14. Nxe4 Bxe4 15.
Qxe4 cxd4 16. Qxd4 Nc5 17. Bc3 Qxd4 18. Bxd4 Ne4 19. Rg1 f6 20. g6 hxg6 21. Rxg6
Kf7 22. Rg4 Nd6 23. Ke2 Nb5 24. a4 Nxd4+ 25. Nxd4 g6 26. Rag1 Rg8 27. Nc6 Bd6 28.
Rd1 Be5 29. b4 Rh8 30. h4 Bc3 31. Re4 Rae8 32. Rd7+ Kf8 1-0

[Event "TICF 2024"]
[Site "Famalicao"]
[Date "2024.07.24"]
[Round "2.7"]
[White "Joao, Afonso"]
[Black "Alex, Garrido Outon"]
[Result "0-1"]
[BlackElo "2403"]
[WhiteElo "1899"]
[LiveChessVersion "1.4.8"]

1. e4 c5 2. Nf3 d6 3. c3 Nf6 4. h3 Nc6 5. Bd3 d5 6. e5 Nd7 7. Bb5 Qb6 8. Qe2 c4
9. Ba4 Nc5 10. Bc2 g6 11. d4 cxd3 12. Bxd3 Nxd3+ 13. Qxd3 Bg7 14. O-O O-O 15. Qe2
Bf5 16. Be3 Qc7 17. Bd4 Rfc8 18. Re1 Rab8 19. Nbd2 b5 20. g4 Bd7 21. Nb3 b4 22.
Rac1 bxc3 23. Rxc3 Nxd4 24. Nbxd4 Qb6 25. Rb3 Qa5 26. Ra3 Qb6 27. Rb3 Qa5 28. Ra3
Qb4 29. Rxa7 Be8 30. b3 e6 31. a3 Qb6 32. Ra6 Qb7 33. Ra5 Rc3 34. Qa6 Qc7 35. Qa7
Rb7 36. Qa8 Bf8 37. b4 Rb8 38. Qa7 Qd8 39. Kg2 Rbc8 40. Qa6 R8c4 41. Qa8 Qd7 42.
Ra7 Rc8 43. Rxd7 Rxa8 44. Rb7 Rcxa3 45. Rc1 R3a7 46. Rcc7 Rxb7 47. Rxb7 Ba4 48.
Ng5 Be8 49. Ngf3 h6 50. Nb3 Ra4 51. Nc5 Bxc5 52. bxc5 Rc4 53. Rc7 Bb5 54. Rc8+
Kg7 55. Nd2 Rc3 56. Nf3 Rc4 57. Nd2 Rc3 58. Nf3 Ba6 59. Rc7 Bf1+ 60. Kxf1 Rxf3
61. Kg2 Rc3 62. c6 g5 63. Rc8 f6 64. exf6+ Kxf6 65. c7 Ke5 66. Kf1 d4 67. Ke2 Ke4
68. f3+ Ke5 69. Rh8 Rxc7 70. Rxh6 Rc2+ 71. Kd3 Rf2 72. Rg6 Rxf3+ 73. Kd2 Rxh3 74.
Rxg5+ Ke4 75. Ra5 e5 76. g5 Rg3 0-1

[Event "TICF 2024"]
[Site "Famalicao"]
[Date "2024.07.24"]
[Round "2.8"]
[White "Daniel, Campora"]
[Black "Jose, Pinto"]
[Result "1/2-1/2"]
[BlackElo "1895"]
[WhiteElo "2351"]
[LiveChessVersion "1.4.8"]

1. e4 {[%clk 1:30:50]} c5 {[%clk 1:30:50]} 2. Nf3 {[%clk 1:31:18]} Nc6
{[%clk 1:31:14]} 3. Bb5 {[%clk 1:31:43]} Qc7 {[%clk 1:31:36]} 4. O-O
{[%clk 1:31:52]} a6 {[%clk 1:31:57]} 5. Bxc6 {[%clk 1:32:15]} Qxc6
{[%clk 1:32:21]} 6. Re1 {[%clk 1:32:40]} d6 {[%clk 1:31:04]} 7. d4
{[%clk 1:32:51]} cxd4 {[%clk 1:31:28]} 8. Nxd4 {[%clk 1:33:16]} Qc7
{[%clk 1:31:49]} 9. Nc3 {[%clk 1:33:15]} e6 {[%clk 1:32:08]} 10. a4
{[%clk 1:33:39]} Nf6 {[%clk 1:31:29]} 11. a5 {[%clk 1:33:54]} Bd7
{[%clk 1:31:48]} 12. Be3 {[%clk 1:30:25]} Be7 {[%clk 1:31:33]} 13. Nb3
{[%clk 1:30:23]} O-O {[%clk 1:28:08]} 14. Bb6 {[%clk 1:30:45]} Qb8
{[%clk 1:24:19]} 15. Qd3 {[%clk 1:26:05]} Rc8 {[%clk 1:13:44]} 16. Rad1
{[%clk 1:23:54]} Be8 {[%clk 1:11:30]} 17. Qg3 {[%clk 1:22:21]} Rc4
{[%clk 1:01:22]} 18. f4 {[%clk 1:10:30]} Qc8 {[%clk 0:53:00]} 19. Rd3
{[%clk 1:08:06]} Bc6 {[%clk 0:41:07]} 20. Nd4 {[%clk 1:02:25]} Be8
{[%clk 0:24:07]} 21. b3 {[%clk 1:01:28]} Rb4 {[%clk 0:22:45]} 22. Na2
{[%clk 0:58:17]} Rxd4 {[%clk 0:22:34]} 23. Bxd4 {[%clk 0:55:28]} Qxc2
{[%clk 0:21:36]} 24. Nb4 {[%clk 0:55:38]} Qc7 {[%clk 0:21:38]} 25. Bb6
{[%clk 0:55:21]} Qb8 {[%clk 0:20:50]} 26. Na2 {[%clk 0:51:34]} Bc6
{[%clk 0:19:29]} 27. Nc3 {[%clk 0:51:43]} Qf8 {[%clk 0:19:04]} 28. h3
{[%clk 0:50:39]} Rc8 {[%clk 0:18:50]} 29. Kh2 {[%clk 0:48:21]} d5
{[%clk 0:14:51]} 30. exd5 {[%clk 0:47:03]} Nxd5 {[%clk 0:14:25]} 31. Nxd5
{[%clk 0:46:27]} Bxd5 {[%clk 0:14:40]} 32. Qe3 {[%clk 0:45:43]} Bd6
{[%clk 0:12:51]} 33. Rc1 {[%clk 0:42:25]} h6 {[%clk 0:07:54]} 34. Kg1
{[%clk 0:38:59]} Rxc1+ {[%clk 0:05:46]} 35. Qxc1 {[%clk 0:39:24]} Qe7
{[%clk 0:05:37]} 36. Be3 {[%clk 0:30:23]} Qf6 {[%clk 0:05:12]} 37. Qc3
{[%clk 0:27:41]} Qg6 {[%clk 0:05:15]} 38. Rd2 {[%clk 0:23:18]} Qg3
{[%clk 0:05:04]} 39. Rxd5 {[%clk 0:14:30]} exd5 {[%clk 0:05:17]} 40. Qc8+
{[%clk 0:14:54]} Kh7 {[%clk 0:04:37]} 41. Qf5+ {[%clk 0:15:19]} Kg8
{[%clk 0:04:54]} 42. Qc8+ {[%clk 0:15:47]} Kh7 {[%clk 0:05:04]} 43. Qf5+
{[%clk 0:16:13]} 1/2-1/2

[Event "TICF 2024"]
[Site "Famalicao"]
[Date "2024.07.24"]
[Round "2.9"]
[White "Rudolfo, Bento"]
[Black "Cristian, Silva Lucena"]
[Result "0-1"]
[BlackElo "2346"]
[WhiteElo "1893"]
[LiveChessVersion "1.4.8"]

1. b3 e5 2. Bb2 d6 3. e3 f5 4. d4 e4 5. d5 Nf6 6. Bb5+ c6 7. dxc6 Qa5+ 8. Nc3
bxc6 9. Be2 d5 10. Qd2 Qc7 11. Nh3 Be7 12. Nf4 O-O 13. Ncxd5 Nxd5 14. Nxd5 cxd5
15. Qxd5+ Kh8 16. Qxa8 Bb4+ 17. Kf1 Nc6 18. h4 Be6 19. Qxf8+ Bxf8 20. h5 Nb4 21.
h6 Qxc2 22. hxg7+ Bxg7 23. Bxg7+ Kxg7 24. g4 fxg4 25. Rh4 Nd3 26. Rh2 Nc1 27. Bb5
g3 0-1

[Event "TICF 2024"]
[Site "Famalicao"]
[Date "2024.07.24"]
[Round "2.10"]
[White "Gustavo, Ribeiro"]
[Black "Raquel, Duque"]
[Result "1-0"]
[BlackElo "1892"]
[WhiteElo "2256"]
[LiveChessVersion "1.4.8"]

1. c4 {[%clk 1:30:57]} e6 {[%clk 1:30:45]} 2. Nf3 {[%clk 1:31:19]} Nf6
{[%clk 1:31:06]} 3. e3 {[%clk 1:31:44]} d5 {[%clk 1:31:12]} 4. b3
{[%clk 1:32:08]} Bd6 {[%clk 1:31:13]} 5. Bb2 {[%clk 1:31:57]} Nbd7
{[%clk 1:30:43]} 6. Nc3 {[%clk 1:31:59]} O-O {[%clk 1:29:47]} 7. cxd5
{[%clk 1:31:35]} exd5 {[%clk 1:29:49]} 8. Be2 {[%clk 1:31:46]} Nc5
{[%clk 1:26:42]} 9. O-O {[%clk 1:32:00]} Bf5 {[%clk 1:26:46]} 10. d3
{[%clk 1:32:11]} a5 {[%clk 1:23:27]} 11. Nb5 {[%clk 1:31:57]} b6 {[%clk 1:17:13]}
12. Nxd6 {[%clk 1:31:53]} Qxd6 {[%clk 1:17:34]} 13. Ba3 {[%clk 1:32:12]} Qd7
{[%clk 1:15:06]} 14. d4 {[%clk 1:31:27]} Nce4 {[%clk 1:12:49]} 15. Bxf8
{[%clk 1:31:02]} Nc3 {[%clk 1:12:52]} 16. Qe1 {[%clk 1:31:18]} Nxe2+
{[%clk 1:13:13]} 17. Qxe2 {[%clk 1:31:45]} Rxf8 {[%clk 1:13:18]} 18. Ne5
{[%clk 1:31:21]} Qd6 {[%clk 1:12:36]} 19. Qb5 {[%clk 1:31:33]} Nd7
{[%clk 1:10:16]} 20. Rfd1 {[%clk 1:26:00]} Rd8 {[%clk 1:08:14]} 21. Rac1
{[%clk 1:25:48]} Nxe5 {[%clk 1:06:17]} 22. dxe5 {[%clk 1:26:12]} Qxe5
{[%clk 1:06:39]} 23. Qc6 {[%clk 1:26:39]} Bg4 {[%clk 1:06:56]} 24. Rd4
{[%clk 1:27:02]} Qe6 {[%clk 1:06:18]} 25. Qxc7 {[%clk 1:27:09]} Re8
{[%clk 1:03:26]} 26. h3 {[%clk 1:27:22]} Bh5 {[%clk 1:01:10]} 27. g4
{[%clk 1:26:30]} Qg6 {[%clk 0:58:21]} 28. Qe5 {[%clk 1:26:43]} 1-0

[Event "TICF 2024"]
[Site "Famalicao"]
[Date "2024.07.24"]
[Round "2.11"]
[White "Jose, Santos"]
[Black "Yaniela, Forgas Moreno"]
[Result "0-1"]
[BlackElo "2234"]
[WhiteElo "1890"]
[LiveChessVersion "1.4.8"]

1. e4 {[%clk 1:30:57]} g6 {[%clk 1:30:44]} 2. d4 {[%clk 1:30:55]} Bg7
{[%clk 1:31:07]} 3. Nf3 {[%clk 1:30:54]} c6 {[%clk 1:31:28]} 4. Nc3
{[%clk 1:29:42]} d5 {[%clk 1:31:41]} 5. h3 {[%clk 1:29:56]} dxe4 {[%clk 1:31:36]}
6. Nxe4 {[%clk 1:30:13]} Nf6 {[%clk 1:32:02]} 7. Ng3 {[%clk 1:26:02]} O-O
{[%clk 1:31:38]} 8. Bd3 {[%clk 1:26:19]} c5 {[%clk 1:31:39]} 9. dxc5
{[%clk 1:23:37]} Qa5+ {[%clk 1:30:50]} 10. c3 {[%clk 1:23:52]} Qxc5
{[%clk 1:31:15]} 11. O-O {[%clk 1:24:17]} Rd8 {[%clk 1:31:19]} 12. Qe2
{[%clk 1:24:32]} Qc7 {[%clk 1:31:12]} 13. Re1 {[%clk 1:23:03]} Nc6
{[%clk 1:31:20]} 14. Bc2 {[%clk 1:19:13]} b6 {[%clk 1:28:45]} 15. Ne4
{[%clk 1:13:50]} Nd5 {[%clk 1:27:58]} 16. Bb3 {[%clk 1:13:28]} Na5
{[%clk 1:23:51]} 17. Bc2 {[%clk 1:08:17]} h6 {[%clk 1:21:00]} 18. Ng3
{[%clk 0:53:50]} Nc4 {[%clk 1:18:24]} 19. Bb3 {[%clk 0:50:14]} Ba6
{[%clk 1:15:44]} 20. Ne5 {[%clk 0:42:41]} Qxe5 {[%clk 0:53:47]} 21. Bxc4
{[%clk 0:43:01]} Qxe2 {[%clk 0:54:14]} 22. Bxe2 {[%clk 0:43:16]} Bxe2
{[%clk 0:54:40]} 23. Nxe2 {[%clk 0:43:38]} b5 {[%clk 0:55:01]} 24. a3
{[%clk 0:30:53]} a5 {[%clk 0:49:53]} 25. Rd1 {[%clk 0:27:20]} Nb6
{[%clk 0:47:24]} 26. Be3 {[%clk 0:24:50]} Nc4 {[%clk 0:47:49]} 27. Nd4
{[%clk 0:24:38]} Bxd4 {[%clk 0:38:19]} 28. cxd4 {[%clk 0:24:50]} a4
{[%clk 0:38:45]} 29. Bxh6 {[%clk 0:18:14]} Rd5 {[%clk 0:39:08]} 30. Be3
{[%clk 0:17:49]} Nxb2 {[%clk 0:39:23]} 31. Rdb1 {[%clk 0:18:01]} Nc4
{[%clk 0:39:46]} 32. Rb4 {[%clk 0:18:07]} Rad8 {[%clk 0:38:41]} 33. Kf1
{[%clk 0:17:49]} g5 {[%clk 0:34:40]} 34. g4 {[%clk 0:16:42]} Kg7 {[%clk 0:34:45]}
35. Kg2 {[%clk 0:14:47]} Kg6 {[%clk 0:34:40]} 36. Kg3 {[%clk 0:15:04]} Rh8
{[%clk 0:33:34]} 37. Rbb1 {[%clk 0:11:54]} e6 {[%clk 0:31:30]} 38. Re1
{[%clk 0:08:33]} Rdd8 {[%clk 0:25:49]} 39. Red1 {[%clk 0:06:39]} f5
{[%clk 0:25:40]} 40. Bc1 {[%clk 0:06:01]} f4+ {[%clk 0:25:45]} 41. Kg2
{[%clk 0:06:24]} Rd5 {[%clk 0:22:15]} 42. Re1 {[%clk 0:06:32]} Re8
{[%clk 0:21:56]} 43. Rb1 {[%clk 0:06:41]} e5 {[%clk 0:21:37]} 44. dxe5
{[%clk 0:04:42]} Rexe5 {[%clk 0:21:59]} 45. Rxe5 {[%clk 0:05:03]} Rxe5
{[%clk 0:22:23]} 46. Kf1 {[%clk 0:04:12]} f3 {[%clk 0:21:17]} 47. Rb4
{[%clk 0:04:17]} Rd5 {[%clk 0:21:40]} 48. Ke1 {[%clk 0:04:36]} Ne5
{[%clk 0:22:02]} 49. Rb1 {[%clk 0:03:58]} Nd3+ {[%clk 0:16:21]} 50. Kd2
{[%clk 0:01:53]} Nf4+ {[%clk 0:12:29]} 51. Kc2 {[%clk 0:01:44]} Rc5+
{[%clk 0:11:02]} 52. Kd1 {[%clk 0:01:48]} Nd5 {[%clk 0:07:46]} 53. Kd2
{[%clk 0:01:46]} Nc3 {[%clk 0:07:30]} 54. Ra1 {[%clk 0:01:20]} Ne2
{[%clk 0:06:51]} 55. Bb2 {[%clk 0:01:36]} Rd5+ {[%clk 0:06:15]} 56. Ke3
{[%clk 0:01:44]} Nf4 {[%clk 0:06:39]} 57. Rc1 {[%clk 0:01:27]} Rd3+
{[%clk 0:06:37]} 58. Ke4 {[%clk 0:01:41]} Rb3 {[%clk 0:07:03]} 59. Rc6+
{[%clk 0:02:03]} Kf7 {[%clk 0:07:25]} 60. Bc1 {[%clk 0:01:40]} Nxh3
{[%clk 0:06:31]} 61. Rc2 {[%clk 0:01:17]} Ke6 {[%clk 0:05:56]} 62. Kd4
{[%clk 0:01:09]} Ng1 {[%clk 0:03:56]} 63. Kc5 {[%clk 0:00:44]} Ne2
{[%clk 0:03:47]} 64. Bxg5 {[%clk 0:00:35]} Rxa3 {[%clk 0:04:13]} 65. Be3
{[%clk 0:00:42]} Rxe3 {[%clk 0:04:28]} 66. Kd4 {[%clk 0:00:27]} Ke5+
{[%clk 0:04:28]} 0-1

[Event "TICF 2024"]
[Site "Famalicao"]
[Date "2024.07.24"]
[Round "2.12"]
[White "Jose, Garcia Molina"]
[Black "Joao, Rodrigues"]
[Result "1/2-1/2"]
[BlackElo "1889"]
[WhiteElo "2229"]
[LiveChessVersion "1.4.8"]

1. d4 {[%clk 1:30:51]} d5 {[%clk 1:30:48]} 2. c4 {[%clk 1:31:11]} Nc6
{[%clk 1:30:11]} 3. cxd5 {[%clk 1:29:20]} Qxd5 {[%clk 1:30:24]} 4. e3
{[%clk 1:29:41]} e5 {[%clk 1:30:47]} 5. Nc3 {[%clk 1:30:05]} Bb4 {[%clk 1:31:04]}
6. a3 {[%clk 1:30:25]} Bxc3+ {[%clk 1:31:02]} 7. bxc3 {[%clk 1:30:52]} Nf6
{[%clk 1:29:21]} 8. c4 {[%clk 1:30:43]} Qd8 {[%clk 1:26:51]} 9. d5
{[%clk 1:30:46]} Ne7 {[%clk 1:26:53]} 10. Nf3 {[%clk 1:28:48]} c6
{[%clk 1:24:54]} 11. Nxe5 {[%clk 1:19:02]} Ne4 {[%clk 1:18:17]} 12. Bd3
{[%clk 1:07:36]} Qa5+ {[%clk 1:08:50]} 13. Bd2 {[%clk 1:07:27]} Nxd2
{[%clk 1:08:57]} 14. Qxd2 {[%clk 1:07:49]} Qxd2+ {[%clk 1:08:50]} 15. Kxd2
{[%clk 1:08:09]} cxd5 {[%clk 1:09:10]} 16. c5 {[%clk 1:06:33]} Nc6
{[%clk 0:51:14]} 17. Bb5 {[%clk 1:02:37]} Bd7 {[%clk 0:51:34]} 18. Bxc6
{[%clk 1:02:58]} Bxc6 {[%clk 0:51:06]} 19. Nxc6 {[%clk 0:59:35]} bxc6
{[%clk 0:51:35]} 20. Rab1 {[%clk 0:59:49]} O-O-O {[%clk 0:48:22]} 21. Rb4
{[%clk 0:59:33]} Kc7 {[%clk 0:48:33]} 22. Ra4 {[%clk 0:46:24]} Ra8
{[%clk 0:45:38]} 23. Rb1 {[%clk 0:46:37]} f5 {[%clk 0:28:51]} 24. Kc3
{[%clk 0:12:42]} a5 {[%clk 0:20:05]} 25. Rf4 {[%clk 0:08:57]} Rhf8
{[%clk 0:18:30]} 26. h4 {[%clk 0:08:56]} g6 {[%clk 0:15:18]} 27. f3
{[%clk 0:09:12]} h6 {[%clk 0:06:52]} 28. Kd3 {[%clk 0:06:18]} g5 {[%clk 0:05:21]}
29. Ra4 {[%clk 0:06:26]} Rg8 {[%clk 0:04:23]} 30. hxg5 {[%clk 0:06:25]} hxg5
{[%clk 0:03:35]} 31. Rh1 {[%clk 0:06:51]} Rg7 {[%clk 0:04:01]} 32. g4
{[%clk 0:06:33]} fxg4 {[%clk 0:04:10]} 33. Rxg4 {[%clk 0:06:45]} Rb8
{[%clk 0:03:52]} 34. Kc3 {[%clk 0:04:14]} Re7 {[%clk 0:03:03]} 35. Re1
{[%clk 0:02:51]} Rb5 {[%clk 0:03:31]} 36. a4 {[%clk 0:03:06]} Rxc5+
{[%clk 0:03:50]} 37. Kd3 {[%clk 0:03:35]} Re5 {[%clk 0:02:45]} 38. Rh1
{[%clk 0:03:38]} Rf5 {[%clk 0:01:47]} 39. Rf1 {[%clk 0:02:35]} Kd6
{[%clk 0:01:33]} 40. Rd4 {[%clk 0:01:59]} Ke6 {[%clk 0:01:41]} 41. f4
{[%clk 0:02:04]} gxf4 {[%clk 0:01:38]} 42. exf4 {[%clk 0:02:23]} Rh5 43. Rf3
{[%clk 0:01:28]} Kf5 {[%clk 0:01:58]} 44. Re3 {[%clk 0:01:44]} Kf6
{[%clk 0:02:10]} 45. Rf3 {[%clk 0:01:42]} Ke5 46. Ke4+ 1/2-1/2